|
|
|
|
| LEADER |
00000nam2a2200000 4500 |
| 001 |
194326 |
| 005 |
20231031182322.0 |
| 035 |
|
|
|a (RuTPU)RU\TPU\book\211946
|
| 090 |
|
|
|a 194326
|
| 100 |
|
|
|a 20110412d1987 k y0rusy50 ca
|
| 101 |
0 |
|
|a rus
|
| 102 |
|
|
|a UA
|
| 105 |
|
|
|a a z 001zy
|
| 200 |
0 |
|
|a Вып. 45
|
| 210 |
|
|
|d 1987
|
| 215 |
|
|
|a 107 с.
|c ил.
|
| 320 |
|
|
|a Библиография в конце статей
|
| 461 |
|
1 |
|0 (RuTPU)RU\TPU\book\193004
|t Холодильная техника и технология
|o республиканский межведомственный научно-технический сборник
|f Одесский институт низкотемпературной техники и энергетики ; под ред. И. Г. Чумака
|v Вып. 45
|d 1965-1992
|
| 610 |
1 |
|
|a теплообменные аппараты
|
| 610 |
1 |
|
|a внедрение
|
| 610 |
1 |
|
|a холодильные агенты
|
| 610 |
1 |
|
|a смеси
|
| 610 |
1 |
|
|a теплофизические свойства
|
| 610 |
1 |
|
|a холодильная обработка
|
| 610 |
1 |
|
|a холодопроизводительность
|
| 610 |
1 |
|
|a воздухоохладители
|
| 610 |
1 |
|
|a статьи
|
| 610 |
1 |
|
|a сборники
|
| 675 |
|
|
|a 621.56
|v 3
|
| 801 |
|
1 |
|a RU
|b 63413507
|c 20110412
|
| 801 |
|
2 |
|a RU
|b 63413507
|c 20151212
|g RCR
|
| 942 |
|
|
|c BK
|